[Event "DEM U12/U12w 2013"]
[Site "Oberhof GER"]
[Date "2013.05.21"]
[Round "5"]
[White "Martin, Julian"]
[Black "Mätzkow, Maximilian Paul"]
[Result "1-0"]
[Termination "normal"]
[Board "1"]
[WhiteElo "1847"]
[BlackElo "1730"]
[PlyCount "44"]
[WhiteFideId "12941000"]
[BlackFideId "24679933"]
[EventCountry "GER"]
[EventRounds "11"]
[EventType "swiss"]
[EventDate "2013.05.18"]

1. e4 c5 2. Nf3 Nc6 3. d4 cxd4 4. Nxd4 g6 5. Nc3 Bg7 6. Be3 Nf6 7. Bc4 O-O 8.
Bb3 Qa5 9. O-O d6 10. h3 Bd7 11. Nf3 Rac8 12. Re1 b5 13. Bf4 b4 14. Nd5 Nh5 15.
Bd2 Qb5 16. Rb1 a5 17. a4 bxa3 18. bxa3 Qc5 19. Be3 Qb5 20. Nb6 Qa6 21. Nxd7
Rfd8 22. Nb6 Qb7 1-0

[Event "DEM U12/U12w 2013"]
[Site "Oberhof GER"]
[Date "2013.05.21"]
[Round "5"]
[White "Buckels, Valentin"]
[Black "Stein, Robert"]
[Result "1/2-1/2"]
[Termination "normal"]
[Board "2"]
[WhiteElo "1994"]
[BlackElo "1728"]
[PlyCount "76"]
[WhiteFideId "12942766"]
[BlackFideId "12921084"]
[EventCountry "GER"]
[EventRounds "11"]
[EventType "swiss"]
[EventDate "2013.05.18"]

1. d4 Nf6 2. c4 g6 3. g3 Bg7 4. Bg2 d5 5. cxd5 Nxd5 6. Nf3 O-O 7. O-O Nc6 8.
Nc3 Nb6 9. d5 Na5 10. Qc2 c6 11. dxc6 Nxc6 12. Rd1 Qc7 13. Nb5 Qb8 14. Bf4 e5
15. Be3 Bf5 16. Qc5 Na4 17. Qa3 Nb6 18. Nd6 Be6 19. Bc5 Rd8 20. Ng5 Nc4 21.
Nxc4 Bxc4 22. Bd6 Qc8 23. Bh3 f5 24. e3 h6 25. Ne4 Qe6 26. Nc5 Qf7 27. b3 Be2
28. Re1 Rxd6 29. Rxe2 Rad8 30. Bf1 e4 31. Rc1 Qe7 32. Rec2 Rd2 33. Qa4 Ne5 34.
Bc4+ Kh7 35. Rxd2 Rxd2 36. Ne6 Nxc4 37. Qxc4 Rd6 38. Nxg7 Rc6 1/2-1/2

[Event "DEM U12/U12w 2013"]
[Site "Oberhof GER"]
[Date "2013.05.21"]
[Round "5"]
[White "Fieberg, Samuel"]
[Black "Gungl, Theo"]
[Result "1/2-1/2"]
[Termination "normal"]
[Board "3"]
[WhiteElo "1900"]
[BlackElo "1916"]
[PlyCount "117"]
[WhiteFideId "12901717"]
[BlackFideId "24695653"]
[EventCountry "GER"]
[EventRounds "11"]
[EventType "swiss"]
[EventDate "2013.05.18"]

1. e4 c5 2. Nf3 d6 3. d4 cxd4 4. Nxd4 Nf6 5. Nc3 a6 6. Be2 e6 7. O-O Qc7 8. a4
Nc6 9. Be3 Be7 10. f4 Nxd4 11. Bxd4 e5 12. fxe5 dxe5 13. Bf2 O-O 14. Nd5 Nxd5
15. exd5 b6 16. Bf3 Bd6 17. g3 Bd7 18. Kh1 f5 19. Be3 Rae8 20. Bg2 Qd8 21. Qd2
h6 22. b3 g5 23. Qd3 Bc8 24. Rae1 Kg7 25. Rg1 Bc5 26. Bxc5 bxc5 27. Rgf1 Rf6
28. c4 Qd6 29. g4 e4 30. Qc3 f4 31. Bxe4 Bxg4 32. Bf3 Bxf3+ 33. Qxf3 Rff8 34.
h4 Qg6 35. Qg4 Rxe1 36. Rxe1 f3 37. hxg5 Qxg5 38. Re7+ Kg6 39. Re6+ Kg7 40.
Qxg5+ hxg5 41. Kg1 a5 42. Kf2 g4 43. Re1 Kg6 44. Kg3 Kf5 45. Rh1 Kg5 46. d6 f2
47. d7 Rd8 48. Kxf2 Rxd7 49. Rh8 Rd2+ 50. Ke1 Rd3 51. Rc8 Kf4 52. Rxc5 Rxb3 53.
Rxa5 Rc3 54. Rc5 g3 55. Rc8 g2 56. Kf2 Rc2+ 57. Kg1 Kg3 58. Rg8+ Kh3 59. Rh8+
1/2-1/2

[Event "DEM U12/U12w 2013"]
[Site "Oberhof GER"]
[Date "2013.05.21"]
[Round "5"]
[White "Muckle, Julius"]
[Black "Rockmann, Jan-Okke"]
[Result "1/2-1/2"]
[Termination "normal"]
[Board "4"]
[WhiteElo "1804"]
[BlackElo "1785"]
[PlyCount "102"]
[WhiteFideId "12942430"]
[BlackFideId "12942111"]
[EventCountry "GER"]
[EventRounds "11"]
[EventType "swiss"]
[EventDate "2013.05.18"]

1. d4 Nf6 2. c4 c5 3. d5 e5 4. Nc3 d6 5. e4 Be7 6. f3 O-O 7. Be3 Nbd7 8. Bd3 a6
9. Nge2 Ne8 10. O-O Bg5 11. Bf2 g6 12. a3 f5 13. b4 b6 14. Rb1 f4 15. bxc5 bxc5
16. Qa4 Nb8 17. Rb2 Qc7 18. Rfb1 Ng7 19. Qc2 Nd7 20. Na4 Qd8 21. Nb6 Nxb6 22.
Rxb6 Ra7 23. R1b2 Ne8 24. Qb1 Bh4 25. Bxh4 Qxh4 26. Rb8 Rc7 27. Nc3 g5 28. Na4
g4 29. Nb6 Bd7 30. Na8 Rc8 31. Rxc8 Bxc8 32. Nb6 Nf6 33. Nxc8 Rxc8 34. fxg4
Nxg4 35. h3 Ne3 36. Rf2 Qg3 37. Qb7 Rf8 38. Qe7 f3 39. Qxf8+ Kxf8 40. Rxf3+ Nf5
41. Rxg3 Nxg3 42. Kf2 Nh5 43. g3 Ke7 44. Kf3 Kf6 45. Bc2 Kg5 46. Ba4 Nf6 47.
h4+ Kh5 48. Bc6 Kg6 49. a4 a5 50. g4 h6 51. Bb5 Nh7 1/2-1/2

[Event "DEM U12/U12w 2013"]
[Site "Oberhof GER"]
[Date "2013.05.21"]
[Round "5"]
[White "Poghosyan, Tigran"]
[Black "Schneider, Jana"]
[Result "1/2-1/2"]
[Termination "normal"]
[Board "5"]
[WhiteElo "1945"]
[BlackElo "1644"]
[PlyCount "109"]
[WhiteFideId "12909319"]
[BlackFideId "12924997"]
[EventCountry "GER"]
[EventRounds "11"]
[EventType "swiss"]
[EventDate "2013.05.18"]

1. c4 e5 2. Nc3 Nc6 3. Nf3 d6 4. g3 f5 5. d3 Nf6 6. Bg2 g6 7. O-O Bg7 8. Rb1 a5
9. Bd2 h6 10. Ne1 g5 11. Nc2 Be6 12. Ne3 Qd7 13. Ned5 Rc8 14. a3 f4 15. b4 b6
16. Nxf6+ Bxf6 17. Qa4 Nd4 18. Qxd7+ Kxd7 19. bxa5 bxa5 20. e3 Nc6 21. Nd5 Bg7
22. gxf4 exf4 23. exf4 Bf5 24. Rb7 Kd8 25. Nxc7 Rxc7 26. Bxc6 Rxb7 27. Bxb7
Bxd3 28. Bxa5+ Kd7 29. Rd1 Bxc4 30. Rc1 Rb8 31. Rxc4 Rxb7 32. fxg5 hxg5 33. Bb4
Ra7 34. Rc2 Be5 35. h3 Ke6 36. Kg2 d5 37. Kf3 Rf7+ 38. Kg4 Bf6 39. Rc6+ Ke5 40.
a4 Bd8 41. Bd6+ Ke4 42. Bc5 Rf4+ 43. Kg3 Kf5 44. Kg2 g4 45. Rd6 gxh3+ 46. Kxh3
Bh4 47. Rxd5+ Ke6 48. Rd6+ Kf5 49. Rd4 Rxd4 50. Bxd4 Bxf2 51. Bxf2 Ke6 52. a5
Kd7 53. a6 Kc7 54. Ba7 Kc6 55. Bc5 1/2-1/2

[Event "DEM U12/U12w 2013"]
[Site "Oberhof GER"]
[Date "2013.05.21"]
[Round "5"]
[White "Renger, Niklas"]
[Black "Schirra, Maurice"]
[Result "1/2-1/2"]
[Termination "normal"]
[Board "6"]
[WhiteElo "1815"]
[BlackElo "1656"]
[PlyCount "58"]
[WhiteFideId "12908096"]
[BlackFideId "12941115"]
[EventCountry "GER"]
[EventRounds "11"]
[EventType "swiss"]
[EventDate "2013.05.18"]

1. e4 e5 2. Nf3 Nf6 3. Nxe5 d6 4. Nf3 Nxe4 5. Nc3 Nxc3 6. dxc3 Be7 7. Be3 Nc6
8. Qd2 Be6 9. Nd4 Nxd4 10. Bxd4 Rg8 11. Be2 Qd7 12. O-O-O O-O-O 13. Kb1 Kb8 14.
f4 f5 15. Rhe1 g6 16. Bf3 Rge8 17. Qe3 Bh4 18. Bxa7+ Ka8 19. Qd4 Bxe1 20. Qb4
d5 21. Qa3 Qd6 22. Bc5+ Qa6 23. Qxa6+ bxa6 24. Rxe1 Kb8 25. Bd4 Bf7 26. Be5 Kc8
27. b3 c6 28. Kc1 Kb7 29. Kd2 Re6 1/2-1/2

[Event "DEM U12/U12w 2013"]
[Site "Oberhof GER"]
[Date "2013.05.21"]
[Round "5"]
[White "Ott, Josef Sebastian"]
[Black "Reuker, Jari"]
[Result "0-1"]
[Termination "normal"]
[Board "7"]
[WhiteElo "1600"]
[BlackElo "1802"]
[PlyCount "95"]
[WhiteFideId "12952079"]
[BlackFideId "12909300"]
[EventCountry "GER"]
[EventRounds "11"]
[EventType "swiss"]
[EventDate "2013.05.18"]

1. e4 c5 2. Nc3 Nc6 3. f4 g6 4. Nf3 Bg7 5. Bc4 e6 6. d3 Nge7 7. O-O d5 8. Bb3
O-O 9. Qe1 Na5 10. exd5 exd5 11. Nxd5 Nxd5 12. Bxd5 Re8 13. Qd2 Qxd5 14. Qxa5
Re2 15. Qa4 Bd7 16. Qb3 Qxb3 17. cxb3 Bb5 18. Rf2 Rae8 19. Bd2 Bxd3 20. Bc3
Rxf2 21. Kxf2 Re2+ 22. Kg1 b5 23. Rd1 c4 24. bxc4 bxc4 25. Ne5 h5 26. Nxd3 Bxc3
27. bxc3 cxd3 28. Rxd3 Rxa2 29. g3 Kf8 30. c4 Ke7 31. c5 Ra6 32. Kg2 Ke6 33.
Kh3 Rc6 34. Ra3 a6 35. Kh4 Kd5 36. Ra5 Kc4 37. g4 hxg4 38. Kxg4 Kb4 39. Ra1 a5
40. f5 a4 41. Rd1 a3 42. Rd7 gxf5+ 43. Kxf5 a2 44. Ra7 Rxc5+ 45. Kg4 Ra5 46.
Rb7+ Ka3 47. Rxf7 a1=Q 48. Rf3+ 0-1

[Event "DEM U12/U12w 2013"]
[Site "Oberhof GER"]
[Date "2013.05.21"]
[Round "5"]
[White "Mönster, Madita"]
[Black "Wierzbicki, Jirawat"]
[Result "1-0"]
[Termination "normal"]
[Board "8"]
[WhiteElo "1503"]
[BlackElo "1704"]
[PlyCount "69"]
[WhiteFideId "12947156"]
[BlackFideId "1153579"]
[EventCountry "GER"]
[EventRounds "11"]
[EventType "swiss"]
[EventDate "2013.05.18"]

1. e4 e5 2. Nf3 Nc6 3. Bb5 a6 4. Ba4 Nf6 5. O-O Be7 6. Re1 b5 7. Bb3 d6 8. c3
O-O 9. h3 Na5 10. Bc2 c5 11. d4 Nd7 12. Nbd2 exd4 13. cxd4 Nc6 14. d5 Nce5 15.
a4 Rb8 16. axb5 axb5 17. Nxe5 Nxe5 18. f4 Ng6 19. Nf3 Bh4 20. Rf1 Bg3 21. f5
Ne5 22. Ng5 h6 23. f6 hxg5 24. Bxg5 Re8 25. Ra3 Ng6 26. Rxg3 Re5 27. Qd2 Qb6
28. Kh1 Ba6 29. fxg7 b4 30. Rf5 Rbe8 31. Bf6 Rxe4 32. Bxe4 Rxe4 33. Qh6 Re1+
34. Kh2 c4 35. Qh8+ 1-0

[Event "DEM U12/U12w 2013"]
[Site "Oberhof GER"]
[Date "2013.05.21"]
[Round "5"]
[White "Wong, Gengchun"]
[Black "Hoffmann, Fabian"]
[Result "0-1"]
[Termination "normal"]
[Board "9"]
[WhiteElo "1654"]
[BlackElo "1650"]
[PlyCount "62"]
[WhiteFideId "12963283"]
[BlackFideId "12964891"]
[EventCountry "GER"]
[EventRounds "11"]
[EventType "swiss"]
[EventDate "2013.05.18"]

1. e4 e5 2. Nf3 Nc6 3. Bb5 f5 4. exf5 e4 5. Qe2 Qe7 6. Bxc6 dxc6 7. Nd4 Nh6 8.
Qh5+ Qf7 9. Qxf7+ Kxf7 10. Nc3 Nxf5 11. Nb3 Nh4 12. O-O Bf5 13. Re1 Re8 14. a3
Bd6 15. Na5 Re6 16. Ne2 Nf3+ 17. gxf3 exf3 18. d3 fxe2 19. Nc4 Rg6+ 20. Kh1 Bg4
21. Nxd6+ cxd6 22. Kg2 Bh5+ 23. Kh3 Bf3 24. Bf4 Bg2+ 25. Kh4 Re8 26. Rg1 Kf6
27. Rae1 Kf5 28. Be3 Rg4+ 29. Kh5 g6+ 30. Kh6 Re7 31. Bg5 Rxg5 0-1

[Event "DEM U12/U12w 2013"]
[Site "Oberhof GER"]
[Date "2013.05.21"]
[Round "5"]
[White "Schmidek, Emil"]
[Black "Perekhozhuk, Maksym"]
[Result "1-0"]
[Termination "normal"]
[Board "10"]
[WhiteElo "1957"]
[BlackElo "1749"]
[PlyCount "87"]
[WhiteFideId "12908150"]
[BlackFideId "12914860"]
[EventCountry "GER"]
[EventRounds "11"]
[EventType "swiss"]
[EventDate "2013.05.18"]

1. e4 c5 2. Nf3 d6 3. d4 cxd4 4. Nxd4 Nf6 5. Nc3 g6 6. Be3 Bg7 7. Bc4 O-O 8. f3
Nc6 9. Qd2 a5 10. O-O-O a4 11. a3 Bd7 12. h4 Qa5 13. h5 b5 14. Bd5 Nxd5 15.
Nxd5 Qxd2+ 16. Rxd2 Bxd4 17. Bxd4 Be6 18. hxg6 Nxd4 19. Nxe7+ Kg7 20. Rxh7+ Kf6
21. g7 Rfe8 22. g8=Q Rxg8 23. Nxg8+ Rxg8 24. Rxd4 Rxg2 25. Rxd6 Rf2 26. Rh5 Ke7
27. Rd2 Rxf3 28. Rxb5 Bg4 29. Rd4 Be6 30. Rxa4 Rh3 31. Ra7+ Kf6 32. a4 Rh4 33.
Rb4 Rh5 34. a5 Rc5 35. a6 Ra5 36. Rb6 Ke5 37. Rc7 Kd4 38. Rb4+ Ke3 39. Rc3+ Ke2
40. Ra3 Rh5 41. b3 Rh1+ 42. Kb2 Rh2 43. a7 Kd1 44. Rd4+ 1-0

[Event "DEM U12/U12w 2013"]
[Site "Oberhof GER"]
[Date "2013.05.21"]
[Round "5"]
[White "Zienert, Richard"]
[Black "Reimers, Kim"]
[Result "0-1"]
[Termination "normal"]
[Board "11"]
[WhiteElo "1846"]
[BlackElo "1603"]
[PlyCount "60"]
[WhiteFideId "12945986"]
[BlackFideId "12930377"]
[EventCountry "GER"]
[EventRounds "11"]
[EventType "swiss"]
[EventDate "2013.05.18"]

1. e4 e6 2. d4 d5 3. Nc3 h6 4. Nf3 Nf6 5. e5 Ne4 6. Bd3 Bb4 7. Bd2 Nxd2 8. Nxd2
c5 9. a3 Bxc3 10. bxc3 Nc6 11. O-O O-O 12. Qg4 Qa5 13. Rae1 Qxc3 14. Re3 Qxd4
15. Qh5 Kh8 16. Nf3 Qb2 17. Ng5 Nd8 18. Nxf7+ Rxf7 19. Qg6 Kg8 20. Rh3 Kf8 21.
Re1 c4 22. Bf1 Qb6 23. Ree3 Bd7 24. g4 Be8 25. Qh7 Qc7 26. g5 hxg5 27. Qg6 Ke7
28. Qxg5+ Kd7 29. Rh8 Qc5 30. Reh3 Qxf2+ 0-1

[Event "DEM U12/U12w 2013"]
[Site "Oberhof GER"]
[Date "2013.05.21"]
[Round "5"]
[White "Engel, Luis"]
[Black "Enache, Rares"]
[Result "1-0"]
[Termination "normal"]
[Board "12"]
[WhiteElo "1740"]
[BlackElo "1628"]
[PlyCount "117"]
[WhiteFideId "12961523"]
[BlackFideId "12976440"]
[EventCountry "GER"]
[EventRounds "11"]
[EventType "swiss"]
[EventDate "2013.05.18"]

1. d4 f5 2. e4 fxe4 3. Nc3 Nf6 4. Bg5 Nc6 5. d5 Ne5 6. Qe2 d6 7. Bxf6 exf6 8.
Qxe4 Qe7 9. O-O-O Bd7 10. f4 Ng6 11. Qd4 Qd8 12. Nf3 Be7 13. h4 Bg4 14. Bb5+
Bd7 15. h5 Nf8 16. Rhe1 Bxb5 17. Nxb5 a6 18. h6 Rg8 19. Nc3 gxh6 20. Qxf6 Rg6
21. Qh4 Ne6 22. Rxe6 Rxe6 23. Qh5+ Rg6 24. f5 Bg5+ 25. Kb1 Qf6 26. fxg6 hxg6
27. Qg4 Bf4 28. Re1+ Be5 29. Nxe5 dxe5 30. Ne4 Qf7 31. d6 Kd8 32. Qh4+ Kd7 33.
dxc7 Kxc7 34. Qxh6 Rf8 35. a3 Rd8 36. Qe3 Qf5 37. Qc5+ Kb8 38. Nc3 Re8 39. g4
Qxg4 40. Qd6+ Ka7 41. Rxe5 Rh8 42. Qc5+ Kb8 43. Re7 Rc8 44. Qe5+ Ka7 45. Qe3+
Kb8 46. Qe4 Qg1+ 47. Ka2 Qb6 48. Re6 Qc7 49. Rxg6 Qf7+ 50. Qe6 Qh7 51. Qe5+ Ka7
52. Qg7 Qh4 53. Rg4 Qh1 54. Qd4+ Ka8 55. Nd5 Rf8 56. Nc7+ Kb8 57. Nxa6+ bxa6
58. Qd6+ Ka7 59. Rg7+ 1-0

[Event "DEM U12/U12w 2013"]
[Site "Oberhof GER"]
[Date "2013.05.21"]
[Round "5"]
[White "Savchenko, Daniel"]
[Black "Fromm, Katja"]
[Result "1/2-1/2"]
[Termination "normal"]
[Board "13"]
[WhiteElo "1763"]
[BlackElo "1546"]
[PlyCount "90"]
[WhiteFideId "12919195"]
[BlackFideId "12929409"]
[EventCountry "GER"]
[EventRounds "11"]
[EventType "swiss"]
[EventDate "2013.05.18"]

1. e4 c5 2. Nf3 Nc6 3. d4 cxd4 4. Nxd4 Nf6 5. Nc3 e5 6. Ndb5 d6 7. Nd5 Nxd5 8.
exd5 Ne7 9. c4 Nf5 10. Be2 Be7 11. O-O O-O 12. b4 a6 13. Nc3 Nd4 14. Be3 Nxe2+
15. Qxe2 b6 16. Na4 Rb8 17. c5 bxc5 18. bxc5 Qa5 19. Qc2 g6 20. Bd2 Qb5 21.
Rab1 Bf5 22. Rxb5 Bxc2 23. Rxb8 Rxb8 24. cxd6 Bxd6 25. Nc3 Rb2 26. Bc1 Rb8 27.
Be3 Rc8 28. Nb1 Bd3 29. Rd1 e4 30. Bd4 Bb4 31. Be3 Rc2 32. a3 Ba5 33. h3 Rb2
34. Nd2 Rb5 35. d6 Rd5 36. Nb3 Bd8 37. Nc5 f5 38. Nb7 Bf6 39. Rc1 Be5 40. Rc8+
Kf7 41. Rc7+ Kg8 42. Bh6 Bb5 43. g3 a5 44. Rc8+ Kf7 45. Rc7+ Kg8 1/2-1/2

[Event "DEM U12/U12w 2013"]
[Site "Oberhof GER"]
[Date "2013.05.21"]
[Round "5"]
[White "Sanati, Charlotte"]
[Black "Rieß, Alexander"]
[Result "1-0"]
[Termination "normal"]
[Board "14"]
[WhiteElo "1672"]
[BlackElo "1605"]
[PlyCount "79"]
[WhiteFideId "12907707"]
[BlackFideId "12953326"]
[EventCountry "GER"]
[EventRounds "11"]
[EventType "swiss"]
[EventDate "2013.05.18"]

1. e4 c5 2. Nf3 e6 3. d4 cxd4 4. Nxd4 a6 5. Nc3 Qc7 6. Bd3 Bc5 7. Nb3 Be7 8.
Be3 d6 9. Qe2 Nf6 10. O-O Nbd7 11. f4 b6 12. a4 Bb7 13. Nd2 O-O 14. g4 Rfd8 15.
g5 Ne8 16. Qg4 g6 17. h4 Ng7 18. Be2 Nc5 19. Bxc5 Qxc5+ 20. Rf2 Rac8 21. Rd1
Qb4 22. Nb3 d5 23. Rd4 Qd6 24. Qh3 Qc7 25. exd5 exd5 26. Bg4 Rb8 27. h5 Bc5 28.
Nxc5 bxc5 29. Rd1 Qb6 30. hxg6 fxg6 31. Rh2 c4+ 32. Kf1 d4 33. Ne2 Qxb2 34.
Qxh7+ Kf7 35. Be6+ Kxe6 36. Qxg6+ Kd7 37. Rxd4+ Kc8 38. Rxc4+ Kd7 39. Qf7+ Kd6
40. Rh6+ 1-0

[Event "DEM U12/U12w 2013"]
[Site "Oberhof GER"]
[Date "2013.05.21"]
[Round "5"]
[White "Alekhanov, Jannis"]
[Black "Reimann, Sebastian"]
[Result "1-0"]
[Termination "normal"]
[Board "15"]
[WhiteElo "1675"]
[BlackElo "1629"]
[PlyCount "77"]
[WhiteFideId "12921238"]
[BlackFideId "12928054"]
[EventCountry "GER"]
[EventRounds "11"]
[EventType "swiss"]
[EventDate "2013.05.18"]

1. e4 e5 2. Nf3 Nc6 3. Nc3 Nf6 4. d4 Bb4 5. d5 Ne7 6. Bd3 d6 7. h3 Ng6 8. a3
Bxc3+ 9. bxc3 h6 10. O-O O-O 11. Nh2 Re8 12. Be3 Bd7 13. c4 b6 14. c3 Nf8 15.
Qc2 Ng6 16. f4 exf4 17. Bxf4 Nh5 18. Bd2 Ne5 19. Bf4 Nxf4 20. Rxf4 Qg5 21. Rf2
Bxh3 22. Nf3 Nxf3+ 23. Rxf3 Bd7 24. Qf2 f6 25. Rg3 Qe5 26. Bc2 Bc8 27. Rf1 Rf8
28. Qe3 Ba6 29. Rf5 Qe7 30. Qxh6 g5 31. e5 Qg7 32. Rfxg5 fxg5 33. Rxg5 Rf7 34.
Qh7+ Kf8 35. Rxg7 Rxg7 36. Qh8+ Rg8 37. Qf6+ Ke8 38. e6 Rf8 39. Bg6+ 1-0

[Event "DEM U12/U12w 2013"]
[Site "Oberhof GER"]
[Date "2013.05.21"]
[Round "5"]
[White "Laubrock, Paul"]
[Black "Weller, Uli"]
[Result "1-0"]
[Termination "normal"]
[Board "16"]
[WhiteElo "1671"]
[BlackElo "1501"]
[PlyCount "45"]
[WhiteFideId "1270509"]
[BlackFideId "12971782"]
[EventCountry "GER"]
[EventRounds "11"]
[EventType "swiss"]
[EventDate "2013.05.18"]

1. d4 e6 2. Bf4 d5 3. Nc3 c6 4. f3 f5 5. e4 Nf6 6. Qd3 Bb4 7. e5 Nfd7 8. O-O-O
c5 9. Nge2 c4 10. Qd2 Nc6 11. g4 b5 12. Rg1 fxg4 13. Rxg4 Qe7 14. Bh3 Bb7 15.
Rdg1 g6 16. Kb1 a5 17. Bg5 Bxc3 18. Nxc3 Qb4 19. a3 Qf8 20. Nxb5 Qxf3 21. Nd6+
Kf8 22. Rf4+ Qxf4 23. Qxf4+ 1-0

[Event "DEM U12/U12w 2013"]
[Site "Oberhof GER"]
[Date "2013.05.21"]
[Round "5"]
[White "Vuckovic, Zarko"]
[Black "Ewert, Hannes"]
[Result "0-1"]
[Termination "normal"]
[Board "17"]
[WhiteElo "1722"]
[BlackElo "1678"]
[PlyCount "86"]
[WhiteFideId "12952087"]
[BlackFideId "12961574"]
[EventCountry "GER"]
[EventRounds "11"]
[EventType "swiss"]
[EventDate "2013.05.18"]

1. e4 d6 2. d4 Nf6 3. Nc3 e5 4. dxe5 dxe5 5. Qxd8+ Kxd8 6. Bg5 Be6 7. O-O-O+
Nbd7 8. Nf3 Bd6 9. Bb5 Kc8 10. Bh4 a6 11. Bd3 h6 12. h3 b5 13. Bg3 Nh5 14. Bh2
g5 15. g4 Nf4 16. Bxf4 gxf4 17. Nh4 Bc5 18. f3 c6 19. Kb1 Kc7 20. Nf5 Nb6 21.
b3 a5 22. Rh2 a4 23. Rhd2 Bb4 24. Ne2 Bxd2 25. Rxd2 axb3 26. cxb3 Bxf5 27. exf5
Rhd8 28. Nc1 c5 29. Rc2 c4 30. bxc4 bxc4 31. Bxc4 Nxc4 32. Rxc4+ Kd6 33. Nb3 h5
34. Nd2 hxg4 35. hxg4 Rdc8 36. Rxc8 Rxc8 37. g5 Kd5 38. Ne4 Kd4 39. Nf6 Rc6 40.
Nd7 e4 41. f6 exf3 42. g6 fxg6 43. f7 Rc8 0-1

[Event "DEM U12/U12w 2013"]
[Site "Oberhof GER"]
[Date "2013.05.21"]
[Round "5"]
[White "Riedel, Erich"]
[Black "Mantel, Ruben"]
[Result "1/2-1/2"]
[Termination "normal"]
[Board "18"]
[WhiteElo "1767"]
[BlackElo "1667"]
[PlyCount "103"]
[WhiteFideId "12958646"]
[BlackFideId "12930121"]
[EventCountry "GER"]
[EventRounds "11"]
[EventType "swiss"]
[EventDate "2013.05.18"]

1. e4 e6 2. d4 d5 3. Nc3 Bb4 4. e5 c5 5. a3 Ba5 6. Be3 Nc6 7. Bb5 Qb6 8. Nge2
Qxb5 9. b4 Qc4 10. bxa5 cxd4 11. Bxd4 Nge7 12. Qd3 Qxd3 13. cxd3 Nf5 14. Bc5
Nxe5 15. Kd2 Nc6 16. Nb5 Nxa5 17. Bb4 Nb3+ 18. Kc3 Nxa1 19. Nc7+ Kd7 20. Nxa8
b6 21. Rxa1 Ba6 22. Nxb6+ axb6 23. Rd1 Nh4 24. g3 Nf3 25. h4 Ne5 26. Nf4 g6 27.
Kb2 Rc8 28. Bc3 Nf3 29. d4 Nh2 30. Nd3 Bxd3 31. Rxd3 Ng4 32. Rf3 f5 33. Be1 e5
34. dxe5 Nxe5 35. Rb3 Nc4+ 36. Ka2 Re8 37. Rb1 Re2+ 38. Kb3 Ke6 39. Kb4 Rb2+
40. Rxb2 Nxb2 41. Bc3 Nc4 42. Bd4 f4 43. g4 f3 44. a4 h5 45. gxh5 gxh5 46. Kb5
Kd7 47. Bc3 Kc7 48. Bd4 Kb7 49. Bc3 Nd6+ 50. Kb4 Kc6 51. Be5 Nf5 52. Bf6
1/2-1/2

[Event "DEM U12/U12w 2013"]
[Site "Oberhof GER"]
[Date "2013.05.21"]
[Round "5"]
[White "Engel, Johann"]
[Black "Degenhard, Simon"]
[Result "0-1"]
[Termination "normal"]
[Board "19"]
[WhiteElo "1650"]
[BlackElo "1711"]
[PlyCount "80"]
[WhiteFideId "12920509"]
[BlackFideId "12944017"]
[EventCountry "GER"]
[EventRounds "11"]
[EventType "swiss"]
[EventDate "2013.05.18"]

1. d4 d5 2. c4 e6 3. Nc3 c5 4. cxd5 exd5 5. Nf3 Nc6 6. Bf4 Nf6 7. e3 c4 8. Be2
Be7 9. O-O O-O 10. b3 Qa5 11. Qc2 Bb4 12. Rfc1 b5 13. Nd1 Ba3 14. Rcb1 Ne4 15.
bxc4 bxc4 16. Bxc4 Nb4 17. Qb3 dxc4 18. Qxc4 Ba6 19. Qc7 Qxc7 20. Bxc7 Nc2 21.
Rb3 Rfc8 22. Rab1 Rxc7 23. g3 Be2 24. Nh4 Bxd1 25. Rxd1 g6 26. Nf3 f6 27. Kg2
Bb4 28. Ng1 Rac8 29. f3 Nd2 30. Rd3 Rc3 31. Rxc3 Bxc3 32. Kf2 Nc4 33. Rd3 Nb2
34. Ke2 Nxd3 35. Kxd3 Nb4+ 36. Ke2 Nxa2 37. d5 Ba5 38. e4 Bb6 39. Nh3 Rc2+ 40.
Kd3 Nb4# 0-1

[Event "DEM U12/U12w 2013"]
[Site "Oberhof GER"]
[Date "2013.05.21"]
[Round "5"]
[White "Weber, Samuel"]
[Black "Wiesner, Alexander"]
[Result "1-0"]
[Termination "normal"]
[Board "20"]
[WhiteElo "1703"]
[BlackElo "1658"]
[PlyCount "45"]
[WhiteFideId "12924008"]
[BlackFideId "12943991"]
[EventCountry "GER"]
[EventRounds "11"]
[EventType "swiss"]
[EventDate "2013.05.18"]

1. e4 e6 2. d4 d5 3. exd5 exd5 4. Bf4 Nf6 5. Nf3 Bb4+ 6. c3 Be7 7. Be2 Bf5 8.
O-O O-O 9. Re1 c5 10. c4 Nc6 11. Nc3 Qb6 12. Na4 Qa5 13. Bd2 Qc7 14. dxc5 d4
15. Qc1 Ne4 16. Bf4 Qa5 17. Bd3 Qxa4 18. Bxe4 Bxe4 19. Rxe4 Bxc5 20. Bh6 gxh6
21. Qxh6 f6 22. Rg4+ Kh8 23. Qg7# 1-0

[Event "DEM U12/U12w 2013"]
[Site "Oberhof GER"]
[Date "2013.05.21"]
[Round "5"]
[White "Schnabel, Bennett"]
[Black "Shoipov, Dennie"]
[Result "1/2-1/2"]
[Termination "normal"]
[Board "21"]
[WhiteElo "1708"]
[BlackElo "1816"]
[PlyCount "40"]
[WhiteFideId "12943290"]
[BlackFideId "14137755"]
[EventCountry "GER"]
[EventRounds "11"]
[EventType "swiss"]
[EventDate "2013.05.18"]

1. d4 d5 2. Nf3 Nf6 3. e3 Bf5 4. c4 c6 5. Qb3 Qc8 6. Nc3 e6 7. h3 Be7 8. Nh4
Bg6 9. Nxg6 hxg6 10. Be2 Nbd7 11. Bd2 O-O 12. h4 dxc4 13. Bxc4 b5 14. Be2 a5
15. g4 Nb6 16. Qc2 b4 17. Na4 Nxa4 18. Qxa4 c5 19. Rc1 Qb7 20. Rg1 cxd4 1/2-1/2

[Event "DEM U12/U12w 2013"]
[Site "Oberhof GER"]
[Date "2013.05.21"]
[Round "5"]
[White "Müller, Elias"]
[Black "Heldt, Nils-Lennart"]
[Result "1-0"]
[Termination "normal"]
[Board "22"]
[WhiteElo "1674"]
[BlackElo "1499"]
[PlyCount "76"]
[WhiteFideId "12917133"]
[BlackFideId "12952109"]
[EventCountry "GER"]
[EventRounds "11"]
[EventType "swiss"]
[EventDate "2013.05.18"]

1. e4 e5 2. Nc3 Nf6 3. g3 Bc5 4. Bg2 O-O 5. Nge2 Nc6 6. O-O d6 7. Na4 Bb6 8.
Nxb6 axb6 9. d4 exd4 10. Nxd4 Bd7 11. f3 Re8 12. c4 h6 13. b3 Nxd4 14. Qxd4 Bc6
15. Bb2 Qe7 16. a4 Qe5 17. Qd2 Qe6 18. Rfe1 Qe7 19. Rad1 Nd7 20. Bd4 Nc5 21.
Qc3 Qf8 22. Kf2 Nxb3 23. Qxb3 Bxa4 24. Qc3 Bxd1 25. Rxd1 Ra2+ 26. Rd2 Rxd2+ 27.
Qxd2 Qe7 28. Bh3 Ra8 29. Bc3 c6 30. Qb2 Qg5 31. Bf5 f6 32. h4 Qh5 33. Qxb6 Qf7
34. Qd4 Kh8 35. g4 Ra4 36. Qxd6 Qxc4 37. Bxf6 Ra2+ 38. Kg3 Rg2+ 1-0

[Event "DEM U12/U12w 2013"]
[Site "Oberhof GER"]
[Date "2013.05.21"]
[Round "5"]
[White "Forster, Lukas"]
[Black "Simon, Tim"]
[Result "0-1"]
[Termination "normal"]
[Board "23"]
[WhiteElo "1494"]
[BlackElo "1640"]
[PlyCount "100"]
[WhiteFideId "12971790"]
[BlackFideId "12971740"]
[EventCountry "GER"]
[EventRounds "11"]
[EventType "swiss"]
[EventDate "2013.05.18"]

1. e4 e6 2. d4 d5 3. Nc3 Nf6 4. Bg5 Be7 5. e5 Nfd7 6. Bxe7 Qxe7 7. f4 O-O 8.
Nf3 c5 9. Nb5 Nc6 10. Nd6 f6 11. c3 cxd4 12. cxd4 Nb6 13. Be2 Bd7 14. O-O Rab8
15. a3 a6 16. Qe1 Nc8 17. Nxc8 Rbxc8 18. Qg3 Be8 19. Bd3 Na5 20. Qh4 Bg6 21.
Bxg6 hxg6 22. Qg3 Nb3 23. Rad1 Rc4 24. Nh4 Nxd4 25. Qf2 Qc5 26. b3 Ne2+ 27. Kh1
Qxf2 28. Rxf2 Re4 29. Nxg6 Rf7 30. Rdf1 Kh7 31. Nh4 fxe5 32. fxe5 Rxf2 33. Rxf2
Rxe5 34. Nf3 Re3 35. Nd2 Nd4 36. g3 Nxb3 37. Nxb3 Rxb3 38. Re2 Rb6 39. Kg2 Kg6
40. h4 Kf5 41. Rf2+ Kg6 42. Kf3 e5 43. g4 Rf6+ 44. Ke3 d4+ 45. Ke2 d3+ 46. Ke1
Rxf2 47. Kxf2 e4 48. Ke3 b5 49. Kd2 a5 50. Kc3 b4+ 0-1